=LDR 00000nam 2200000 4500 =001 INLIS000000000006248 =005 20200319073255 =035 ##$$a 0010-061300000006248 =008 200319################g##########0#ind## =041 ##$$a Ind =082 ##$$a 2x0 =090 ##$$a 2x0, Sya i =100 ##$$a Syari'ati, Ali =245 1#$$a Islam agama protes /$c Ali Syari'ati =260 ##$$a Jakarta :$b Pustaka hidayah,$c 1993 =300 ##$$a 108 hlm ; $c 20 x 14 cm =650 #4$$a Islam =850 ##$$a NBPNMAT =084 ##$$a 2x0 SYA i =990 ##$$a DW00024925 =990 ##$$a 71.733/pb-94 =990 ##$$a 23022302 =990 ##$$a 71.732/pb-94 =990 ##$$a 71.733/pb-94